00655nab a2200205 uc450000100070000000500170000700800410002403500110006503500210007604000130009704100080011010000470011824500450016565000240021065000150023470000280024970000280027770000270030577301170033272535420240201165706.0020313e19981201 spa  a725354 a(OCoLC)819935694 ccomduadb aspa10aLopez Gonzalez, Francisco Javier4auteaut10aMorbilidad de la hemorragia intracraneal aHemorragia cerebral aMorbilidad10aAldrey, J. M.4auteaut10aPardellas, H.4auteaut10aCastillo, J.4auteaut0 tActa Neurológica Colombiana (Bogotá)gVol. 14, No. 04, Oct.-Dic. 1998, p. 205-210w374160x0120-87480113541